| 000 | 00499cam a2200193 4500 | ||
|---|---|---|---|
| 001 | J100543 | ||
| 008 | 000000n1997 000 0 eng u | ||
| 035 | _a(Sirsi) u100543 | ||
| 041 | _aENG | ||
| 050 | _a332.632 | ||
| 110 |
_aInvestment Property Forum _92112 |
||
| 245 | _aExploring the derivatives jungle. | ||
| 260 |
_aLondon _bIPF _c1997 |
||
| 300 | _a23p. ; 30cm. | ||
| 650 | _aDERIVATIVES | ||
| 650 | _aSECURITISATION | ||
| 690 | _aPROPERTY-PROPERTY FINANCE AND INVESTMENT | ||
| 942 | _n0 | ||
| 999 |
_c99719 _d99719 |
||